Sports Quiz

Random Sports or World Quiz

Track and Field Event by WR (Mens) Quiz Stats

 Plays Quiz not verified by Sporcle

Challenge
Share
Tweet
Embed
Score 0/20 Timer 10:00
1 Play Today
World Record Event % Correct
9.58100m
99.2%
19.19200m
92.6%
1:41.11800m
92.2%
8.95mLong Jump
89.2%
98.48mJavelin
88.6%
43.18400m
88.5%
3:43.13One Mile
87.1%
12:37.355000m
86%
6.13mPole Vault
84.4%
2.45mHigh Jump
84.3%
World Record Event % Correct
23.12mShot Put
83.6%
26:17.5310,000m
81%
74.08mDiscus
79.6%
3:26.001500m
79%
86.74mHammer Throw
78.2%
12.87110m hurdles
77.1%
9026Decathlon
77.1%
46.78400m hurdles
73.8%
2:03:59Marathon
69.5%
37.104x100m
62.3%

You're not logged in!

Compare scores with friends on all Sporcle quizzes.
OR
Log In

You Might Also Like...

Show Comments

Extras

Top Quizzes Today


Score Distribution

Your Account Isn't Verified!

In order to create a playlist on Sporcle, you need to verify the email address you used during registration. Go to your Sporcle Settings to finish the process.

Report this User

Report this user for behavior that violates our Community Guidelines.

Details: